<?xml version="1.0" encoding="UTF-8"?>
<record
    xmlns:xsi="http://www.w3.org/2001/XMLSchema-instance"
    xsi:schemaLocation="http://www.loc.gov/MARC21/slim http://www.loc.gov/standards/marcxml/schema/MARC21slim.xsd"
    xmlns="http://www.loc.gov/MARC21/slim">

  <leader>01142nam0a22002531  4500</leader>
  <controlfield tag="001">rc\4078287</controlfield>
  <controlfield tag="005">20260406165013.0</controlfield>
  <datafield tag="021" ind1=" " ind2=" ">
    <subfield code="a">RU</subfield>
    <subfield code="b">[52-22382]</subfield>
  </datafield>
  <datafield tag="035" ind1=" " ind2=" ">
    <subfield code="a">(NLR Aleph) 008124370</subfield>
  </datafield>
  <datafield tag="090" ind1=" " ind2=" ">
    <subfield code="a">9383665</subfield>
    <subfield code="c">9383665</subfield>
  </datafield>
  <datafield tag="100" ind1=" " ind2=" ">
    <subfield code="a">20130415d1952    |||y0rusy50      ca</subfield>
  </datafield>
  <datafield tag="101" ind1="0" ind2=" ">
    <subfield code="a">rus</subfield>
  </datafield>
  <datafield tag="102" ind1=" " ind2=" ">
    <subfield code="a">RU</subfield>
  </datafield>
  <datafield tag="105" ind1=" " ind2=" ">
    <subfield code="a">a   z   |||||</subfield>
  </datafield>
  <datafield tag="200" ind1="1" ind2=" ">
    <subfield code="a">&#x418;&#x43D;&#x441;&#x442;&#x440;&#x443;&#x43A;&#x446;&#x438;&#x44F; &#x43F;&#x43E; &#x44D;&#x43A;&#x441;&#x43F;&#x43B;&#x443;&#x430;&#x442;&#x430;&#x446;&#x438;&#x438; &#x43F;&#x435;&#x440;&#x435;&#x43D;&#x43E;&#x441;&#x43D;&#x43E;&#x433;&#x43E; &#x430;&#x446;&#x435;&#x442;&#x438;&#x43B;&#x435;&#x43D;&#x43E;&#x432;&#x43E;&#x433;&#x43E; &#x433;&#x435;&#x43D;&#x435;&#x440;&#x430;&#x442;&#x43E;&#x440;&#x430; &#x43D;&#x438;&#x437;&#x43A;&#x43E;&#x433;&#x43E; &#x434;&#x430;&#x432;&#x43B;&#x435;&#x43D;&#x438;&#x44F; "&#x412;&#x41D;&#x418;&#x418;&#x410;&#x432;&#x442;&#x43E;&#x433;&#x435;&#x43D; &#x413;&#x41D;&#x412;-1,25"</subfield>
    <subfield code="f">&#x413;&#x43B;&#x430;&#x432;&#x43A;&#x438;&#x441;&#x43B;&#x43E;&#x440;&#x43E;&#x434; &#x41C;-&#x432;&#x430; &#x445;&#x438;&#x43C;. &#x43F;&#x440;&#x43E;&#x43C;-&#x441;&#x442;&#x438; &#x421;&#x421;&#x421;&#x420;. &#x412;&#x441;&#x435;&#x441;&#x43E;&#x44E;&#x437;. &#x43D;&#x430;&#x443;&#x447;.-&#x438;&#x441;&#x441;&#x43B;&#x435;&#x434;. &#x438;&#x43D;-&#x442; &#x430;&#x432;&#x442;&#x43E;&#x433;&#x435;&#x43D;&#x43D;&#x43E;&#x439; &#x43E;&#x431;&#x440;&#x430;&#x431;&#x43E;&#x442;&#x43A;&#x438; &#x43C;&#x435;&#x442;&#x430;&#x43B;&#x43B;&#x43E;&#x432; "&#x412;&#x41D;&#x418;&#x418;&#x410;&#x432;&#x442;&#x43E;&#x433;&#x435;&#x43D;"</subfield>
  </datafield>
  <datafield tag="210" ind1=" " ind2=" ">
    <subfield code="a">[&#x41C;&#x43E;&#x441;&#x43A;&#x432;&#x430;</subfield>
    <subfield code="c">&#x411;. &#x438;.</subfield>
    <subfield code="d">1952]</subfield>
  </datafield>
  <datafield tag="215" ind1=" " ind2=" ">
    <subfield code="a">14 &#x441;.</subfield>
    <subfield code="c">&#x447;&#x435;&#x440;&#x442;.</subfield>
    <subfield code="d">20</subfield>
  </datafield>
  <datafield tag="606" ind1=" " ind2=" ">
    <subfield code="a">&#x410;&#x446;&#x435;&#x442;&#x438;&#x43B;&#x435;&#x43D;&#x43E;&#x432;&#x44B;&#x435; &#x433;&#x435;&#x43D;&#x435;&#x440;&#x430;&#x442;&#x43E;&#x440;&#x44B;</subfield>
    <subfield code="x">&#x42D;&#x43A;&#x441;&#x43F;&#x43B;&#x443;&#x430;&#x442;&#x430;&#x446;&#x438;&#x44F;</subfield>
    <subfield code="2">psbo</subfield>
  </datafield>
  <datafield tag="712" ind1="0" ind2="2">
    <subfield code="a">&#x412;&#x41D;&#x418;&#x418; &#x430;&#x432;&#x442;&#x43E;&#x433;&#x435;&#x43D;&#x43D;&#x43E;&#x439; &#x43E;&#x431;&#x440;&#x430;&#x431;&#x43E;&#x442;&#x43A;&#x438; &#x43C;&#x435;&#x442;&#x430;&#x43B;&#x43B;&#x43E;&#x432;</subfield>
    <subfield code="3">RU\NLR\AUTH\889936449</subfield>
    <subfield code="9">367707</subfield>
  </datafield>
  <datafield tag="801" ind1=" " ind2="0">
    <subfield code="a">RU</subfield>
    <subfield code="b">NLR</subfield>
    <subfield code="g">psbo</subfield>
  </datafield>
  <datafield tag="801" ind1=" " ind2="1">
    <subfield code="a">RU</subfield>
    <subfield code="b">ELAR</subfield>
    <subfield code="2">rusmarc</subfield>
  </datafield>
  <datafield tag="852" ind1=" " ind2=" ">
    <subfield code="a">NLR</subfield>
    <subfield code="j">&#x422;-36 &#x413;-4/1713</subfield>
  </datafield>
  <datafield tag="942" ind1=" " ind2=" ">
    <subfield code="c">BOOK</subfield>
  </datafield>
  <datafield tag="980" ind1=" " ind2=" ">
    <subfield code="a">NB</subfield>
  </datafield>
  <datafield tag="995" ind1=" " ind2=" ">
    <subfield code="5">2013-10-26</subfield>
    <subfield code="b">NLR02</subfield>
    <subfield code="c">NLR02</subfield>
    <subfield code="e">RFS</subfield>
    <subfield code="f">8124370-10</subfield>
    <subfield code="k">&#x422;-36 &#x413;-4/1713</subfield>
    <subfield code="o">0</subfield>
    <subfield code="r">BOOK</subfield>
    <subfield code="s">36_41713</subfield>
  </datafield>
</record>
